00261nam a2200109Ia 4500008004100000041000800041100001700049245002900066260002900095300000800124999001900132230822s1999 xx 000 0 und d aeng aNARAYAN R.K. aWAITING FOR THE MAHATMA. bINDIA THOUGHT PUB.c1999 a256 c856980d856980